000 02476nam a2200301 a 4500
003 OSt
005 20251111112323.0
007 cr ||||||a|c|a
008 230519s2019 mx a|||fom||| 001 0 spa d
040 _erda
100 1 _9187095
_aZermeño Campos, Luis Fernando
245 1 0 _aEscarificación de semilla de jitomate silvestre /
_cpor Luis fernando Zermeño Campos y Felipe de Santos Vázquez; director de tesis Jaime Sahagún Castellanos.
264 1 _aChapingo, México :
_bEl autor,
_c2019.
300 _a1 recurso en línea (49 páginas):
_bcuadros.
336 _2rdacontent
_atexto
_btxt
337 _2rdamedia
_acomputadora
_bc
338 _2rdacarrier
_arecurso en línea
_bcr
502 _bIAEF
_cFitotecnia
_d2019.
504 _aIncluye referencias bibliográficas: páginas 31-37.
520 _aEl jitomate silvestre es un preciado recurso fitogenético que requiere su conservación; sin embargo, sus semillas pueden presentar mecanismos que dificultan una germinación idónea. La presente investigación tuvo como objetivo evaluar el efecto de tratamientos de escarificación sobre el vigor de semilla durante la germinación y el crecimiento inicial de plántula. Los tratamientos de escarificación se diseñaron al variar concentraciones y tiempos de exposición de ácido sulfúrico (H2SO4), fosfato de sodio dibásico (Na2HPO4), bicarbonato de sodio (NaHCO3) y cloro (Cl), aplicados a semilla previamente fermentada en su jugo durante tres días. En ambas pruebas se empleó un diseño experimental de bloques completos al azar con cuatro repeticiones. En la prueba de germinación estándar, el cloro 10 % por 10 min + NaHCO3 1.5 % por 24 h junto con H2SO4 al 0.5 % por 60 min, generaron mayores ventajas en índice de velocidad de germinación (ɑ ≤ 0.05) con respecto a la fermentación. En la prueba de emergencia, no se detectaron diferencias estadísticas en el vigor de semilla por efecto de los tratamientos de escarificación. En contraste, en ambas pruebas se observaron fuertes diferencias (ɑ ≤ 0.05) por efecto de las accesiones evaluadas.
650 4 _9113765
_aTomate
_xSemilla
650 4 _9103903
_aSemillas
_xGerminación
650 4 _9103933
_aSemillas
_xViabilidad
700 1 _9187096
_aSantos Vázquez, Felipe de
700 1 _9101191
_aSahagún Castellanos, Jaime
_edirector.
856 _uhttp://10.13.5.2/tesis/tl/Zermeno_Campos_Luis_Fernando.pdf
_zDESCARGAR PDF
942 _2Clasificación Universidad Autónoma Chapingo
_cTD
999 _c218790
_d218790